000 00513nam a2200193Ia 4500
005 20250508155358.0
008 008 250505s9999 xx 000 0 eng d
037 _aBooks to be hide in OPAC
040 _aFEDL
_beng
_cFEDL
041 _aeng
_2eng
084 _a500, ARC/O
_qFEDL
100 _aArchie
245 0 _aScience news
260 _aHarmondsworth
_bPenguin Books Ltd.
_c1957
300 _a135p.
700 _a Clow Nan
_9766936
942 _cHB
_h500, ARC/O
999 _c1356361
_d1356361